000 00845nam a2200265Ia 4500
003 OSt
005 20220918171253.0
006 a|||||r|||| 00| 0
007 ta
008 220917b |||||||| |||| 00| 0 eng d
020 _a9781446272879 (pbk)
_c2530.30
024 _a285,585
037 _bCBS/376, 17/03/2015, Classic Book Service
_cTextual
040 _aARTS
_cARTS
_beng
041 _2eng
_aeng
082 _aS1:f, Q5
100 _aSmith Susan Groundwater
_935227
245 0 _aParticipatory research with children and young people
260 _aLos Angeles
_bAngles Sage USA
_c2015
300 _aviii,204p.
_ccm.
650 _aPSYCHOLOGY
700 _a Dockett Sue
_935228
942 _hS1:f, Q5
_cTEXL
_2CC
999 _c138674
_d138674